00539nam a2200157Ia 4500008004100000020001800041050002100059245008800080250001000168260002900178300002300207500004800230650004000278650003300318700003000351120626s9999 xx 000 0 und d a84-7978-708-204aHF5549 P836 200510aDirecciòn y gestión de recursos humanoscLuis Puchol; dibujos de Carlos Ongallo a6a ed aEspañabDiaz de Santos axvii, 418 paginas. aContiene: Índice general\ Anexos\Glosario17aPLANIFICACIÓN DE RECURSOS HUMANOS17aADMINISTRACIÓN DE PERSONAL1 aONGALLO, Carlos, ilus.Ì